000 00385pab a2200145 454500
008 180718b2013 xxu||||| |||| 00| 0 eng d
100 _aSharma, Subhash
245 _aThe women question: a historic- sociological perspective
260 _c2013
300 _ap.49-66.
362 _aJul- Dec
650 _aWomen
773 _aJournal of Social and Economic Studies
909 _a108734
999 _c108729
_d108729